| 000 | 01328nam0a22003491 4500 | ||
|---|---|---|---|
| 001 | rc\2276574 | ||
| 005 | 20250623040446.0 | ||
| 035 | _a(NLR Aleph) 006556570 | ||
| 090 |
_a6798158 _c6798158 |
||
| 100 | _a20110829d1979 |||y0rusy50 ca | ||
| 101 | 0 | _arus | |
| 102 | _aRU | ||
| 105 | _aa z ||||| | ||
| 200 | 1 |
_aПрироды рачительный хозяин _f[К.В. Пашканг, В.П. Емельянцев, Н.Н. Родзевич и др. _gПод общ. ред. К.В. Пашканга] |
|
| 210 |
_aТула _cПриок. кн. изд-во _d1979 |
||
| 215 |
_a161 с. _cил. _d20 |
||
| 300 | _aАвт. указаны на обороте тит. л. | ||
| 606 |
_aОхрана окружающей среды _yКалужская область _2psbo |
||
| 686 |
_aБ1(2)я9 _2rubbk |
||
| 686 |
_a502.3(470.318) _2rubbk |
||
| 686 |
_aД9(2Р344-4Калж)82я9 _2rubbk |
||
| 701 | 1 |
_aЕмельянцев _bВ.П. |
|
| 701 | 1 |
_aРодзевич _bН.Н. |
|
| 701 | 1 |
_aПашканг _bК.В. _gКонстантин Васильевич |
|
| 702 | 1 |
_aПашканг _bК.В. _gКонстантин Васильевич _4340 |
|
| 801 | 1 |
_aRU _bELAR _2rusmarc |
|
| 801 | 0 |
_aRU _bNLR _gpsbo |
|
| 852 |
_aNLR _j80-3/1921 |
||
| 899 |
_aRuMoRGB _jB 80-3/11 |
||
| 899 |
_aRuMoRGB _jB 80-3/12 |
||
| 942 | _cBOOK | ||
| 980 | _aNB | ||